000 00238nam a2200097Ia 4500
005 20251222114413.0
008 251222s1900||||xx |||||||||||||| ||spa||
082 _aDVD0010/L95/1975
245 0 _aTarde de perros:Dog day afternoon
942 _cDVD
999 _c2102
_d2102